[Event "AUTO-OPEN-3909"]
[Site "http://www.queenalice.com/game.php?id=1518485"]
[Date "2018.3.5"]
[Round "1"]
[White "BristolBarry"]
[Black "rafaelp"]
[Result "0-1"]
[WhiteElo "1184"]
[BlackElo "2161"]

1. d4 Nf6 2. Nf3 e6 3. c4 Nc6 4. e3 d5 5. Nc3 Bb4 6. Ne5 Ne4 7. g3 Nxc3 8. Qb3
Ne4+ 9. Kd1 Nxf2+ 10. Ke2 Nxh1 11. Bd2 Bxd2 12. Kxd2 Qf6 13. cxd5 exd5 14. Qxd5
Nf2 15. Bc4 Be6 16. Qc5 Ne4+ 17. Ke1 Nxc5 18. Rc1 Bxc4 19. Rxc4 Nxe5 0-1

[Event "AUTO-OPEN-3909"]
[Site "http://www.queenalice.com/game.php?id=1518510"]
[Date "2018.3.5"]
[Round "1"]
[White "chessman"]
[Black "BristolBarry"]
[Result "1-0"]
[WhiteElo "1974"]
[BlackElo "1159"]

1. e4 d5 2. exd5 h5 3. Nc3 Bg4 4. Be2 c6 5. dxc6 Nxc6 6. Bxg4 hxg4 7. d3 f5 8.
Bg5 Nd4 9. Nge2 g6 10. Nxd4 Qxd4 11. Qd2 Bh6 12. Qe3 Qd6 13. O-O-O Nf6 14. Bxh6
Rxh6 15. Qxh6 f4 16. Qxg6+ Kd7 17. Ne4 Qc6 18. Nxf6+ Ke6 19. Nxg4+ Kd7 20. Ne5+
Kd8 21. Nxc6+ 1-0

[Event "AUTO-OPEN-3909"]
[Site "http://www.queenalice.com/game.php?id=1518511"]
[Date "2018.3.5"]
[Round "1"]
[White "BristolBarry"]
[Black "chessman"]
[Result "0-1"]
[WhiteElo "1159"]
[BlackElo "1976"]

1. d4 d5 2. e4 dxe4 3. b3 Nf6 4. a4 b6 5. c4 e6 6. Nc3 Bb4 7. Bd2 Qxd4 8. f3
Bxc3 9. Ne2 Bxd2+ 10. Qxd2 Qxa1+ 11. Kf2 exf3 12. Ng3 fxg2 13. Bxg2 Qxh1 14.
Bxh1 c6 15. Qd6 Bd7 16. Qc7 Na6 17. Qb7 O-O 18. Qxa6 e5 19. c5 bxc5 20. h3 Nd5
21. Qb7 Be6 22. Qxc6 Nf4 23. Qxc5 Nd3+ 0-1

[Event "AUTO-OPEN-3909"]
[Site "http://www.queenalice.com/game.php?id=1518528"]
[Date "2018.3.5"]
[Round "1"]
[White "BristolBarry"]
[Black "tucuman"]
[Result "0-1"]
[WhiteElo "1202"]
[BlackElo "2405"]

1. d4 d5 2. e4 dxe4 3. d5 Nf6 4. c4 e6 5. dxe6 Qxd1+ 6. Kxd1 Bxe6 7. Nc3 Bc5 8.
Bf4 c6 9. f3 e3 10. g3 Nbd7 11. Bh3 Bxc4 12. Bf5 O-O 13. Ne4 Nxe4 14. fxe4 Nf6
15. e5 Nd5 16. Rc1 b5 17. b3 Nxf4 18. gxf4 Rfd8+ 19. Kc2 Bd5 20. Nh3 Bxh1 21.
Rxh1 Rd2+ 22. Kb1 e2 23. Bc2 Rad8 24. Nf2 Bxf2 0-1

[Event "AUTO-OPEN-3909"]
[Site "http://www.queenalice.com/game.php?id=1518529"]
[Date "2018.3.5"]
[Round "1"]
[White "tucuman"]
[Black "BristolBarry"]
[Result "1-0"]
[WhiteElo "2375"]
[BlackElo "1202"]

1. d4 d5 2. Bf4 Nc6 3. e3 f5 4. Nf3 g6 5. c4 dxc4 6. Bxc4 Bh6 7. Bxg8 Bxf4 8.
Qb3 e6 9. Bxe6 Bxe6 10. Qxe6+ Ne7 11. exf4 c5 12. O-O cxd4 13. Re1 Rc8 14. Qe5
d3 15. Qxh8+ Kd7 16. Qxh7 Qa5 17. Qxe7+ Kc6 18. Qe6+ Kc7 19. Rc1+ Kd8 20. Qd6+
1-0

[Event "AUTO-BEG-658"]
[Site "http://www.queenalice.com/game.php?id=1520999"]
[Date "2018.3.24"]
[Round "1"]
[White "VictorArruda"]
[Black "BristolBarry"]
[Result "1-0"]
[WhiteElo "1052"]
[BlackElo "1167"]

1. d4 d5 2. c4 dxc4 3. Nc3 Nf6 4. e3 Bg4 5. Nf3 e6 6. Bxc4 c5 7. Qa4+ Nc6 8. Ne5
Qc7 9. Bb5 O-O-O 10. Nxc6 bxc6 11. Bxc6 cxd4 12. exd4 e5 13. d5 Nxd5 14. Nxd5
Bc5 15. Nxc7 Rd1+ 16. Qxd1 Bxd1 17. Kxd1 Kxc7 18. Bf3 Re8 19. Be3 Bb4 20. Bxa7
e4 21. Be2 Rd8+ 22. Kc1 Bd2+ 23. Kc2 e3 24. fxe3 Bxe3 25. Bxe3 1-0

[Event "AUTO-BEG-658"]
[Site "http://www.queenalice.com/game.php?id=1521000"]
[Date "2018.3.24"]
[Round "1"]
[White "BristolBarry"]
[Black "VictorArruda"]
[Result "0-1"]
[WhiteElo "1146"]
[BlackElo "1095"]

1. d4 d5 2. e4 dxe4 3. d5 Nf6 4. c4 c6 5. Bf4 cxd5 6. Nc3 d4 7. Nd5 Nxd5 8. cxd5
Qxd5 9. Qa4+ Bd7 10. Bc4 Qc6 11. Qb3 e6 12. O-O-O Bc5 13. Ne2 d3 14. Nc3 O-O 15.
Rhe1 f5 16. f3 Qb6 17. fxe4 Qxb3 18. axb3 fxe4 19. Rxe4 Nc6 20. Rxd3 Rad8 21.
Bc7 Nb4 22. Bxd8 Nxd3+ 23. Bxd3 Rxd8 24. Re5 Bd4 25. Rb5 Bxb5 0-1

[Event "AUTO-BEG-658"]
[Site "http://www.queenalice.com/game.php?id=1521011"]
[Date "2018.3.24"]
[Round "1"]
[White "otavio01"]
[Black "BristolBarry"]
[Result "1-0"]
[WhiteElo "1167"]
[BlackElo "1202"]

1. e4 d5 2. exd5 c6 3. dxc6 Nxc6 4. Bb5 h5 5. Nf3 e5 6. Bxc6+ bxc6 7. Nxe5 Qd6
8. d4 c5 9. Qf3 Rb8 10. Qxf7+ Kd8 11. Bg5+ Be7 12. Bxe7+ Nxe7 13. Qxg7 Rg8 14.
Qxg8+ Nxg8 15. Nf7+ Kc7 16. Nxd6 Kxd6 17. dxc5+ Kxc5 18. O-O Ba6 19. Re1 Nf6 20.
Re6 Rd8 21. Nc3 Be2 22. Rxe2 Ng4 23. Re5+ Kd4 24. Rxh5 Re8 25. Rh4 1-0

[Event "AUTO-BEG-658"]
[Site "http://www.queenalice.com/game.php?id=1521012"]
[Date "2018.3.24"]
[Round "1"]
[White "BristolBarry"]
[Black "otavio01"]
[Result "0-1"]
[WhiteElo "1183"]
[BlackElo "1189"]

1. d4 d5 2. e3 a6 3. c4 c5 4. dxc5 e6 5. Nc3 Nf6 6. b3 Bxc5 7. f4 Qa5 8. Bd2
Bxe3 9. cxd5 Nxd5 10. Bxe3 Nxe3 11. Qd3 Nxf1 12. Kxf1 O-O 13. Rd1 Nc6 14. Nf3
Qxa2 15. Rd2 Qxb3 16. Ng5 g6 17. h4 h5 18. g4 Rd8 19. Qe3 Rxd2 20. Qxd2 Qc4+ 21.
Ke1 Nd4 22. gxh5 f6 23. Nxe6 Nf3+ 24. Kd1 Nxd2 25. Kxd2 Bxe6 26. hxg6 Qxf4+ 0-1

[Event "AUTO-BEG-658"]
[Site "http://www.queenalice.com/game.php?id=1521017"]
[Date "2018.3.24"]
[Round "1"]
[White "cajuchos"]
[Black "BristolBarry"]
[Result "1-0"]
[WhiteElo "1002"]
[BlackElo "1184"]

1. d4 d5 2. Bf4 f5 3. e3 Nf6 4. Nf3 Ne4 5. Nfd2 e6 6. Nxe4 Bd6 7. Nxd6+ cxd6 8.
Bb5+ Bd7 9. Nc3 Nc6 10. Bxd6 a6 11. Be2 Qf6 12. Na4 Rc8 13. Nb6 Kd8 14. Nxc8
Kxc8 15. b4 e5 16. dxe5 Nxe5 17. Qd4 Qxd6 18. O-O Rf8 19. c4 Nc6 20. c5 Qe6 21.
Qxg7 d4 22. exd4 Qxe2 23. Qxf8+ Kc7 24. Qd6+ Kd8 25. Qf8+ Kc7 26. Rfe1 Qh5 27.
Qd6+ Kc8 28. Re7 Nxe7 29. Qxe7 Qg6 30. Re1 Kc7 31. d5 f4 32. f3 Qg8 33. d6+ Kc8
34. Re2 Bb5 35. Qc7# 1-0

[Event "AUTO-BEG-658"]
[Site "http://www.queenalice.com/game.php?id=1521018"]
[Date "2018.3.24"]
[Round "1"]
[White "BristolBarry"]
[Black "cajuchos"]
[Result "1-0"]
[WhiteElo "1144"]
[BlackElo "1045"]

1. d4 Nf6 2. e4 Nxe4 3. Bd3 d5 4. f3 Nf6 5. Bf4 Nc6 6. c4 e5 7. dxe5 Qe7 8. cxd5
Nxd5 9. Bg3 Nxe5 10. Be4 Qb4+ 11. Nc3 Nxc3 12. bxc3 Qxc3+ 13. Kf2 Bc5+ 14. Kf1
Be6 15. Rc1 Bc4+ 16. Ne2 Bxe2+ 17. Kxe2 Qb2+ 18. Rc2 Qb5+ 19. Ke1 Rd8 20. Qc1
Bb4+ 21. Kf2 Qb6+ 22. Ke2 Qb5+ 23. Kf2 Nd3+ 24. Bxd3 Rxd3 25. Re2+ Kd7 26. Qxc7#
1-0

[Event "Let's Play Chess!"]
[Site "http://www.queenalice.com/game.php?id=1522638"]
[Date "2018.4.9"]
[Round "-"]
[White "BristolBarry"]
[Black "LeandroSouza"]
[Result "0-1"]
[WhiteElo "1153"]
[BlackElo "1304"]

1. d4 d5 2. e4 e6 3. e5 c6 4. f4 g6 5. Nf3 Bh6 6. c4 Ne7 7. c5 a6 8. Nc3 Nd7 9.
b4 O-O 10. g4 b5 11. f5 Bxc1 0-1

[Event "Let's Play Chess!"]
[Site "http://www.queenalice.com/game.php?id=1522639"]
[Date "2018.4.9"]
[Round "-"]
[White "LeandroSouza"]
[Black "BristolBarry"]
[Result "1-0"]
[WhiteElo "1293"]
[BlackElo "1164"]

1. e4 d5 2. d3 dxe4 3. dxe4 e5 4. Be3 f5 5. exf5 Bxf5 6. Qxd8+ Kxd8 7. Bd3 e4 8.
Be2 c5 9. Nc3 Nc6 10. Bg5+ Be7 11. Bxe7+ 1-0

[Event "AUTO-OPEN-3921"]
[Site "http://www.queenalice.com/game.php?id=1522993"]
[Date "2018.4.10"]
[Round "1"]
[White "jck2"]
[Black "BristolBarry"]
[Result "1-0"]
[WhiteElo "2006"]
[BlackElo "1182"]

1. d4 d5 2. c4 dxc4 3. e3 f5 4. Bxc4 Nf6 5. Nf3 Qd6 6. a3 Be6 7. Bxe6 Qxe6 8.
Qa4+ Nc6 9. Nc3 O-O-O 10. O-O Qd6 11. Nb5 Qd5 12. Nxa7+ Nxa7 13. Qxa7 e6 14. Ne5
Ng4 15. Qa8# 1-0

[Event "AUTO-OPEN-3921"]
[Site "http://www.queenalice.com/game.php?id=1522994"]
[Date "2018.4.10"]
[Round "1"]
[White "BristolBarry"]
[Black "jck2"]
[Result "0-1"]
[WhiteElo "1180"]
[BlackElo "2024"]

1. d4 Nf6 2. e4 Nxe4 3. Qf3 Nf6 4. d5 d6 5. b4 Bg4 6. Qd3 g6 7. f4 Bg7 8. Bb2
Bf5 9. Qe3 Bxc2 10. Nc3 O-O 11. g4 Nxg4 12. Qh3 Bf5 13. Be2 Nf2 14. Qg2 Nxh1 15.
Qxh1 a6 16. O-O-O Nd7 17. h4 Nb6 18. h5 Bh6 19. Rd4 e5 20. Rd3 Bxd3 21. Bxd3
Bxf4+ 22. Kd1 Qg5 23. hxg6 fxg6 24. Ne4 Qh5+ 25. Qf3 Nxd5 26. Nh3 Qxf3+ 0-1

[Event "AUTO-OPEN-3921"]
[Site "http://www.queenalice.com/game.php?id=1523021"]
[Date "2018.4.10"]
[Round "1"]
[White "mastier"]
[Black "BristolBarry"]
[Result "1-0"]
[WhiteElo "2218"]
[BlackElo "1178"]

1. e4 d5 2. exd5 Qxd5 3. Nc3 Qc6 4. Nf3 f5 5. Bb5 Be6 6. Bxc6+ Nxc6 7. O-O O-O-O
8. d4 Bd5 9. Nxd5 Rxd5 10. c4 Ra5 11. Bd2 e6 12. a3 Nf6 13. b4 1-0

[Event "AUTO-OPEN-3921"]
[Site "http://www.queenalice.com/game.php?id=1523041"]
[Date "2018.4.10"]
[Round "1"]
[White "BristolBarry"]
[Black "TheOperator"]
[Result "0-1"]
[WhiteElo "1166"]
[BlackElo "1708"]

1. d4 d5 2. e4 e6 3. e5 f6 4. f4 Nc6 5. Nf3 Nge7 6. Nc3 h6 7. Bd3 Nf5 8. g4 Nfe7
9. b3 Bd7 10. Ba3 Na5 11. Qc1 Bc6 12. Rg1 Qd7 13. g5 fxg5 0-1

[Event "AUTO-OPEN-3921"]
[Site "http://www.queenalice.com/game.php?id=1523042"]
[Date "2018.4.10"]
[Round "1"]
[White "TheOperator"]
[Black "BristolBarry"]
[Result "1-0"]
[WhiteElo "1706"]
[BlackElo "1168"]

1. Nf3 d5 2. d4 f5 3. e3 e6 4. a3 c5 5. c4 Nc6 6. Be2 Bd6 7. Bd2 Nf6 8. Nc3 O-O
9. O-O Nh5 10. cxd5 exd5 11. Nxd5 Be6 12. Nf4 Qe8 13. Nxe6 1-0

[Event "AUTO-BEG-659"]
[Site "http://www.queenalice.com/game.php?id=1524860"]
[Date "2018.4.25"]
[Round "1"]
[White "BristolBarry"]
[Black "VictorArruda"]
[Result "0-1"]
[WhiteElo "1174"]
[BlackElo "1752"]

1. d4 d5 2. e3 Nf6 3. c4 e6 4. c5 b6 5. b4 Nc6 6. b5 Nb8 7. c6 a6 8. f4 Ne4 9.
Qd3 axb5 10. Na3 b4 11. Nb5 Nxc6 12. g3 Ba6 13. Bh3 Nc3 14. f5 Bxb5 15. Qc2 Bd6
16. fxe6 fxe6 17. Bxe6 Qf6 18. Bf5 Ne7 19. g4 Nxf5 20. gxf5 Ne4 21. Nf3 Qxf5 22.
Rf1 Bxh2 23. Qxc7 Bxc7 0-1

[Event "AUTO-BEG-659"]
[Site "http://www.queenalice.com/game.php?id=1524861"]
[Date "2018.4.25"]
[Round "1"]
[White "VictorArruda"]
[Black "BristolBarry"]
[Result "1-0"]
[WhiteElo "1754"]
[BlackElo "1172"]

1. d4 d5 2. c4 dxc4 3. e3 f5 4. Bxc4 e6 5. Nf3 Nf6 6. O-O Ne4 7. Qb3 Bd6 8. Bxe6
Bxe6 9. Qxe6+ Qe7 10. Qxf5 Rf8 11. Qd5 Rf6 12. Qxb7 Rh6 13. Qxa8 Ng5 14. Qxb8+
Kf7 15. Nxg5+ Qxg5 16. Qb3+ Ke7 17. g3 Qh5 18. h4 g5 19. Qd1 gxh4 20. Qxh5 Rxh5
21. gxh4 Rxh4 22. f4 Rg4+ 23. Kf2 h5 24. Rg1 Rh4 25. Nc3 1-0

[Event "AUTO-BEG-659"]
[Site "http://www.queenalice.com/game.php?id=1524862"]
[Date "2018.4.25"]
[Round "1"]
[White "BristolBarry"]
[Black "otavio01"]
[Result "0-1"]
[WhiteElo "1176"]
[BlackElo "1613"]

1. d4 d5 2. e3 Nf6 3. c4 Nc6 4. c5 Bf5 5. Nc3 e5 6. f4 exf4 7. exf4 Qe7+ 8. Be2
b6 9. Be3 Qxe3 10. Nf3 Nb4 11. Ne5 Nc2+ 12. Kf1 Ng4 13. Rc1 Qf2# 0-1

[Event "AUTO-BEG-659"]
[Site "http://www.queenalice.com/game.php?id=1524863"]
[Date "2018.4.25"]
[Round "1"]
[White "otavio01"]
[Black "BristolBarry"]
[Result "1-0"]
[WhiteElo "1697"]
[BlackElo "1170"]

1. e4 e5 2. d4 d6 3. dxe5 dxe5 4. Qxd8+ Kxd8 5. Nf3 Bd6 6. Ng5 Nh6 7. Bc4 Rf8 8.
Nxh7 Nc6 9. Nxf8 Bxf8 10. Bxh6 gxh6 11. Bxf7 Nd4 12. Na3 b6 13. c3 Ne6 14. Rd1+
Ke7 15. Bxe6 Bxe6 16. Nb5 Rc8 17. Nxa7 Ra8 18. Nc6+ Kf6 19. a3 Ra4 20. Rd8 Bc5
21. O-O Rxe4 22. Rd2 h5 23. h3 Bc4 24. Rfd1 Bb3 25. Rc1 Rf4 26. g3 Rf3 27. Kg2
e4 28. Nd4 Bd5 29. Nxf3 exf3+ 30. Kh2 Bc6 31. h4 b5 32. b4 Be7 33. c4 bxc4 34.
Rxc4 Bb5 35. Rf4+ Ke6 36. Rxf3 Ke5 37. a4 Bxa4 38. Re2+ Kd6 39. Rd3+ 1-0

[Event "AUTO-BEG-659"]
[Site "http://www.queenalice.com/game.php?id=1524864"]
[Date "2018.4.25"]
[Round "1"]
[White "BristolBarry"]
[Black "Samuel"]
[Result "1-0"]
[WhiteElo "1143"]
[BlackElo "1057"]

1. d4 d5 2. e3 c6 3. c4 f6 4. c5 e5 5. f4 exf4 6. Nf3 fxe3 7. Bxe3 Be7 8. Nc3
Bd7 9. Bd3 Na6 10. O-O Nh6 11. Nh4 g5 12. Qh5+ Kf8 13. Qxh6+ Kg8 14. Nf5 Bf8 15.
Qh5 Qe8 16. Nh6+ Kg7 17. Qf3 Kxh6 18. Bxg5+ fxg5 19. Qf6+ Kh5 20. Be2+ Bg4 21.
h4 Bxe2 22. Qxg5# 1-0

[Event "AUTO-BEG-659"]
[Site "http://www.queenalice.com/game.php?id=1524865"]
[Date "2018.4.25"]
[Round "1"]
[White "Samuel"]
[Black "BristolBarry"]
[Result "0-1"]
[WhiteElo "1042"]
[BlackElo "1156"]

1. h4 d5 2. d4 e6 3. c3 c5 4. dxc5 Bxc5 5. b4 Bd6 6. f3 f5 7. g4 Nf6 8. e4 b5 9.
exd5 Nxd5 10. Bg5 Qb6 11. Ne2 e5 12. gxf5 Bxf5 13. Qxd5 Rf8 14. Ng3 Bc2 15. Qxa8
Rxf3 16. Rg1 Qxg1 17. Ke2 Rxg3 18. Nd2 Bd3+ 19. Ke1 h6 20. Qd5 Bxf1 21. Kd1 Be2+
22. Kxe2 Qh2+ 23. Kf1 Rg1# 0-1